000 00882nam a2200229 a 4500
005 20090806153656.0
008 080922s2008 ii 001 0 eng
010 _aENG-94657
020 _a9788178298924
_c250.00
035 _aEN-78190
037 _bDBAD / PUB
040 _adpl
_bEnglish
082 _a658.85
100 _aVieira, Walter
245 _aThe new professional salesman :
_bmeeting challenges in the 21st century /
_cby Walter Vieira
260 _aNew Delhi :
_bResponse Books,
_c2008
270 _aB1/I-1 Mohan Cooperative Area, Mathura Rosd
_bNew Delhi
_e110044
300 _axi, 152 p.
_c22cm(pbk)
500 _aIncludes index
942 _2ddc
_cEN
_mVIE
_h658.85
999 _c28983
_d28983